000 00729cam a22001817a 4500
008 180718b1989 xxu||||| |||| 00| 0 eng d
082 _aDx47 So63
245 _aSoviet union in the Asia-Pacific region
_cedited by Lau Teik Soon and Bilveer Singh
260 _aSingapore
_bHeinemann Asia
_c1989
300 _a212p.
650 _aSoviet Union --Foreign relations --1975-
650 _aSoviet Union --Foreign relations --East Asia --Congresses
650 _aEast Asia --Foreign relations --Soviet Union --Congresses
650 _aSoviet Union --Foreign relations --Southeast Asia --Congresses
650 _aSoutheast Asia --Foreign relations --Soviet Union --Congresses
700 _aSingh, Bilveer
700 _aSoon, Lau Teik
999 _c481751
_d481751